La Casa De Papel Cities - Statistics

General Stats
  • This quiz has been taken 229 times
  • The average score is 13 of 19
Answer Stats
Hint Answer % Correct
Andrés de Fonollosa Berlin
93%
Aníbal Cortés Rio
93%
Silene Oliveira Tokyo
93%
Daniel Ramos Denver
88%
Mónica Gaztambide Stockholm
86%
Ágata Jiménez Nairobi
85%
Raquel Murillo Lisbon
84%
Radko Dragić Oslo
83%
Mirko Dragic Helsinki
82%
Sergio Marquina (Not City) The Professor
81%
Agustin Ramos Moscow
73%
Jakov Marseille
67%
Santiago López Bogotá
63%
Martín Berrote Palermo
62%
Julia Martínez Manila
51%
Child of Denver and Stockholm Cincinnati
48%
Matías Caño Pamplona
37%
Marseille's pet Sofía
29%
Benjamín Martínez Logroño
16%
No matching quizzes found
Score Distribution
Percent of People with Each Score
Percentile by Number Answered
Your Score History
You have not taken this quiz